[Event "Hasselbacken Open 2019"]
[Site "Stockholm"]
[Date "2019.11.03"]
[Round "8.10"]
[White "Svensson, Mikael"]
[Black "Ornstein, Axel"]
[Result "1/2-1/2"]
[WhiteElo "2163"]
[BlackElo "2297"]
[Annotator "ChessBase"]
[PlyCount "56"]
[EventDate "2019.11.01"]
[EventCountry "SWE"]
[SourceTitle "playchess.com"]
[Source "ChessBase"]
[SourceQuality "1"]
[TimeControl "5400+30"]

1. d4 {[%emt 0:00:00]} Nf6 {[%emt 0:00:00]} 2. Nf3 {[%emt 0:00:00]} e6 {[%emt 0:00:31]} 3. Bf4 {[%emt 0:00:00]} c5 {[%emt 0:04:42]} 4. e3 {[%emt 0:00:00]} b6 {[%emt 0:00:31]} 5. Nc3 {[%emt 0:00:07]} cxd4 {[%emt 0:01:33]} 6. Nb5 {[%emt 0:04:55]} Nd5 {[%emt 0:00:07]} 7. Qxd4 {[%emt 0:02:52]} Nc6 {[%emt 0:03:37]} 8. Nd6+ {[%emt 0:04:27]} Bxd6 {[%emt 0:00:03]} 9. Qxg7 {[%emt 0:00:10]} Bb4+ {[%emt 0:00:06]} 10. c3 {[%emt 0:01:51]} Bxc3+ {[%emt 0:00:07]} 11. bxc3 {[%emt 0:00:26]} Qf6 {[%emt 0:00:02]} 12. Qxf6 {[%emt 0:00:21]} Nxf6 {[%emt 0:00:06]} 13. c4 {[%emt 0:13:43]} Ne4 {[%emt 0:03:44]} 14. Nd2 {[%emt 0:08:35]} Nxd2 {[%emt 0:02:17]} 15. Kxd2 {[%emt 0:00:06]} e5 {[%emt 0:00:11]} 16. Bg3 {[%emt 0:00:40]} Ba6 {[%emt 0:02:59]} 17. Rc1 {[%emt 0:10:46]} d6 {[%emt 0:00:10]} 18. Bd3 {[%emt 0:06:21]} Rc8 {[%emt 0:00:07]} 19. f4 {[%emt 0:00:47]} f6 {[%emt 0:13:04]} 20. Bh4 {[%emt 0:05:33]} O-O {[%emt 0:06:25]} 21. Bf5 {[%emt 0:05:04]} Rc7 {[%emt 0:00:06]} 22. Rhf1 {[%emt 0:01:07]} Na5 {[%emt 0:09:31]} 23. Be6+ {[%emt 0:00:13]} Kg7 {[%emt 0:00:04]} 24. Kd3 {[%emt 0:13:47]} b5 {[%emt 0:01:14]} 25. cxb5 {[%emt 0:02:49]} Bxb5+ {[%emt 0:00:06]} 26. Ke4 {[%emt 0:00:16]} Re7 {[%emt 0:00:11]} 27. f5 {[%emt 0:10:39]} Bxf1 {[%emt 0:07:41]} 28. Rxf1 {[%emt 0:00:02]} Rh8 1/2-1/2